000 00422pab a2200169 454500
008 180718b2014 xxu||||| |||| 00| 0 eng d
100 _aGoyal, D.R.
245 _aCommunal challenge to free India: Some reminiscences and reflections
260 _c2014
300 _ap.8-11.
362 _a16 Aug
650 _aCommunalism - India
650 _aCommunalism
773 _aMainstream
908 _aN
909 _a105250
999 _c105245
_d105245